| 000 | 00663nam a2200181Ia 4500 | ||
|---|---|---|---|
| 008 | 100920s9999 xx 000 0 und d | ||
| 082 |
_b57672 _a28 व 375 थ 88 |
||
| 100 | _aजोशी द.दा. | ||
| 245 | _aशालेय सण आणि उत्सव. | ||
| 260 |
_bइंद्रायणी साहित्य प्रकाशन पुणे 30. _c1988 |
||
| 300 |
_a110 _bसाधी |
||
| 365 | _b14 | ||
| 520 | _aबा.वि.शालो. | ||
| 630 | _aशालेय सण आणि उत्सव. | ||
| 650 | _aबा.वि.शालो. | ||
| 730 | _aशालेय सण आणि उत्सव. | ||
| 942 | _cBOOK | ||
| 999 |
_c701475 _d701472 |
||